Foro Bicentenario. 2003 Chile hoy: Acrecándonos al umbral del desarrollo?. 2004 América Latina mira al Bicentenario: Desafíos de la democracia, la cultura y las identidades. 2005 Contar y pensar la América nuestra

Tallennettuna:
Bibliografiset tiedot
Aineistotyyppi: Kirja
Kieli:espanja
Julkaistu: Santiago Comisión Bicentenario 2006
Aiheet:
Tagit: Lisää tagi
Ei tageja, Lisää ensimmäinen tagi!

MARC

LEADER 00000nam a2200000 a 4500
001 UCH3416
003 CL-VaPUC
008 090723e20060000CL |||||||||||||||||spa|d
082 0 4 |a 338.98  |b FOR  |2 21 
245 1 0 |a Foro Bicentenario. 2003 Chile hoy: Acrecándonos al umbral del desarrollo?. 2004 América Latina mira al Bicentenario: Desafíos de la democracia, la cultura y las identidades. 2005 Contar y pensar la América nuestra 
300 |a 334 p 
942 |c BK 
945 |d 20090723 00:00:00  |a dcastane 
260 |a Santiago  |b Comisión Bicentenario  |c 2006 
650 0 |a Desarrollo económico y social   |9 256320 
650 0 |a Crecimiento económico   |9 314037 
651 7 |a CHILE  |2 CL-VaPUC  |9 538761 
583 |a last modification  |c 20090723 00:00:00  |k Rodrigo Vera 
999 |c 334985  |d 334983 
952 |0 0  |1 0  |4 0  |6 338_980000000000000_FOR_2006  |7 0  |8 X  |9 424433  |a FDOBUD  |b FDOBUD  |d 2019-11-22  |i 4578724  |o 338.98 FOR 2006  |p 4578724  |r 2019-11-22  |w 2019-11-22  |y BK_X  |k BUD